Loading...
Other | 0 | 3 | 0 | 1 | 30 | 82 | 105.00 | 0 | 0 |
Fine Arts - Classical Music | 0 | 2 | 0 | 0 | 20 | 92 | 105.50 | 0 | 1 |
History - Other History | 0 | 1 | 0 | 0 | 10 | 78 | 78.00 | 0 | 1 |
Literature - American Literature | 0 | 1 | 0 | 0 | 10 | 125 | 125.00 | 0 | 0 |
Literature - European Literature | 0 | 1 | 0 | 0 | 10 | 125 | 125.00 | 0 | 1 |
Social Science | 0 | 1 | 0 | 0 | 10 | 114 | 114.00 | 0 | 0 |
Fine Arts - Painting & Sculpture | 0 | 1 | 0 | 1 | 10 | 141 | 141.00 | 0 | 0 |
Science - Chemistry | 0 | 1 | 0 | 0 | 10 | 115 | 115.00 | 0 | 0 |
Science - Other Science | 0 | 1 | 0 | 0 | 10 | 96 | 96.00 | 0 | 1 |
Fine Arts - Other Fine Arts | 0 | 0 | 0 | 0 | 0 | 0.00 | 0 | 0 | |
Mythology | 0 | 0 | 1 | 0 | -5 | 0.00 | 0 | 0 |